000 01570nam a2200289Ia 4500
003 OSt
005 20200730133536.0
008 191128t2002 mx fr 100 0 spa d
020 _a9703200036
040 _aCO-JMCR
_cCO-JMCR
041 0 _aspa
082 0 4 _a342.0413 /
_bC749i
_223
111 2 _aCongreso Iberoamericano de Derecho Constitucional
_n(7mo :
_d2002 feb. 12-15 :
_cMéxico)
_98180
245 1 0 _aInstrumentos de tutela y justicia constitucional :
_cMemoria del VII Congreso Iberoamericano de Derecho Constitucional ; Juan Vega Gómez y Eduardo Corzo Sosa coordinadores.
250 _aPrimera edición
260 _aMéxico :
_bUniversidad Nacional Autónoma de México : Instituto de Investigaciones Jurídicas,
_c©2002
300 _a795 Páginas ;
_c22 cm.
490 0 _aDoctrina Judicial ;
_v99
505 0 _a¿Hay alternativas a la judicial review? / Marian Ahumada Ruiz -- Algunas consideraciones sobre el recurso de amparo / Manuel Aragón Pulido -- El juicio de la igualdad en la jurisprudencia de la corte constitucional colombiano.
650 1 4 _aDerecho constitucional comparado
_vcongresos, conferencias, etc
_zAmérica Latina
_98181
650 1 4 _aTribunales constitucionales
_vcongresos, conferencias, etc..
_zAmérica Latina
_98182
650 1 4 _aJusticia constitucional
_vcongresos, conferencias, etc..
_zAmérica Latina
_98183
650 1 4 _aRecurso de amparo
_vcongresos, conferencias, etc.
_zAmérica Latina
_98184
700 1 _aGómez, Juan Vega,
_ecoordinador
_98185
700 1 _aCorzo Sosa, Edgar,
_ecoordinador
_98186
942 _2ddc
_cBK
999 _c3406
_d3406